00441nam a2200097Ia 4500008004100000040002900041050002700070100002700097245018500124260003400309230222s9999||||xx |||||||||||||| ||und|| cChuka University Library aTHE LB 1715 bN34 2015 aNchani, Eliphas Kirimi 0aSelected strategies to enhance pupils' performance in Kenya Certificate of Primary Education examination in public primary schools in Mikinduri Central division, Meru county, Kenya aChuka UniversitybChukac2015